Jóvenes, cultura y religión: Universidad Católica del Maule, 2008-2009

Збережено в:
Бібліографічні деталі
Автори: Saavedra Guajardo, Eugenio (Автор), Morales Cubillos, Patricia (Автор)
Формат: Книга
Мова:Іспанська
Опубліковано: Talca Universidad Católica del Maule 2009
Предмети:
Теги: Додати тег
Немає тегів, Будьте першим, хто поставить тег для цього запису!

MARC

LEADER 00000nam a2200000 a 4500
001 UCH9556
003 CL-VaPUC
008 100114e20090000CL |||||||||||||||||spa|d
020 |a 9789567576432 
082 0 4 |a 378.007  |b SAA  |2 21 
100 0 |a Saavedra Guajardo, Eugenio  |e author  |9 546713 
700 0 |a Morales Cubillos, Patricia  |e author  |9 546714 
245 1 0 |a Jóvenes, cultura y religión: Universidad Católica del Maule, 2008-2009 
300 |a 107 p 
942 |c BK 
945 |d 20100114 00:00:00  |a rbrito 
260 |a Talca  |b Universidad Católica del Maule  |c 2009 
650 0 |a Educación superior   |9 223851 
650 7 |a FORMACION UNIVERSITARIA  |2 CL-VaPUC  |9 546715 
650 0 |a Estudiantes universitarios  |9 334744 
583 |a last modification  |c 20100114 00:00:00  |k Rodrigo Vera 
999 |c 339482  |d 339480 
952 |0 0  |1 0  |4 0  |6 378_007000000000000_SAA_2009  |7 0  |8 A  |9 433164  |a BIBTEO  |b BIBTEO  |d 2019-11-22  |i 4634802  |o 378.007 SAA 2009  |p 4634802  |r 2025-01-17  |w 2019-11-22  |y BK  |k ICR